书目信息 |
| 题名: |
晏子春秋集释
|
|
| 作者: | 吴则虞 撰 | |
| 分册: | 上 | |
| 出版信息: | 北京 中华书局 1962.1 |
|
| 页数: | 293页 | |
| 开本: | 20cm | |
| 丛书名: | 新编诸子集成 | |
| 单 册: | ||
| 中图分类: | B22 | |
| 科图分类: | ||
| 主题词: | 先秦哲学 | |
| 电子资源: | ||
| ISBN: | ||
| 000 | 00614nam0 2200229 45 | |
| 001 | 0211071621 | |
| 005 | 20031219104110.4 | |
| 010 | @dCNY2.60 | |
| 091 | @a2018.25 | |
| 100 | @a20021107d1962 km y0chiy0120 ea | |
| 101 | 0 | @achi |
| 105 | @ach z 000yy | |
| 200 | 1 | @a晏子春秋集释@AYan Zi Chun Qiu Ji Shi@f吴则虞撰@FWu Ze Yu Zhuan@h上 |
| 210 | @a北京@c中华书局@d1962.1 | |
| 215 | @a293页@c肖像,摹真@d20cm | |
| 225 | @a新编诸子集成@h第一辑 | |
| 410 | @12001 @a新编诸子集成 | |
| 606 | 0 | @a先秦哲学 |
| 690 | @aB22@v3 | |
| 701 | 0 | @a吴则虞@4撰 |
| 801 | @aCN@bTSTC@c20030602 | |
| 905 | @b230726-730@dB22@e10:1@f5 | |
| 晏子春秋集释/吴则虞撰.上.-北京:中华书局,1962.1 |
| 293页:肖像,摹真;20cm.-(新编诸子集成.第一辑) |
| ISBN :CNY2.60 |
| ● |
| 相关链接 |
|
|
|
|
正题名:晏子春秋集释
索取号:B22/10:1
 
预约/预借
| 序号 | 登录号 | 条形码 | 馆藏地/架位号 | 状态 | 备注 |
| 1 | 0230726 | 001784607 | 密集书库/ [索取号:B22/10:1] | 在馆 | |
| 2 | 0230727 | 001784117 | 密集书库/ [索取号:B22/10:1] | 在馆 | |
| 3 | 0230728 | 001781628 | 密集书库/ [索取号:B22/10:1] | 在馆 | |
| 4 | 0230729 | 001781664 | 密集书库/ [索取号:B22/10:1] | 在馆 | |
| 5 | 0230730 | 001781511 | 密集书库/ [索取号:B22/10:1] | 在馆 |